000 00974nam a2200229Ia 4500
003 IN-BaIIA
008 211028s9999 xx 000 0 eng d
040 _cIIA Library
080 _a063:53
_bENF-36
111 _aConference of International School of Physics "Enrico Fermi"
_cItaly
_d1965 July 26 - Aug. 14
_95561
245 0 _aMany-body description of nuclear structure and reactions
_bproceedings of the International School of Physics "Enrico Fermi" Varenna on Lake Como Villa Monastero 26th July - 14th August 1965
_cedited by Bloch C.
260 _aNew York
_bAcademic Press
_c1966
300 _axvi, 589p.
490 _aInternational School of Physics "Enrico Fermi" Course v. 36
650 _aMany-Body Problem
_91542
650 _aNASA Thesaurus
650 _aNuclear physics
_91527
650 _aNuclear Reactions
_92819
700 _aBloch, C., ed.
_95562
710 _aItalian Physical Society
942 _cBK
999 _c3134
_d3134